| 000 -LEADER |
| fixed length control field |
00767nam a22002057a 4500 |
| 005 - DATE AND TIME OF LATEST TRANSACTION |
| control field |
20260212101319.0 |
| 008 - FIXED-LENGTH DATA ELEMENTS--GENERAL INFORMATION |
| fixed length control field |
260212b ||||| |||| 00| 0 eng d |
| 020 ## - INTERNATIONAL STANDARD BOOK NUMBER |
| International Standard Book Number |
9781492691679 |
| 040 ## - CATALOGING SOURCE |
| Transcribing agency |
KH8 |
| 082 ## - DEWEY DECIMAL CLASSIFICATION NUMBER |
| Classification number |
813.6 |
| 100 ## - MAIN ENTRY--PERSONAL NAME |
| Personal name |
COTTER,BILL |
| Relator term |
AUTHOR |
| -- |
illustrator |
| 245 ## - TITLE STATEMENT |
| Title |
DON'T SHAKE THE PRESENT! |
| 260 ## - PUBLICATION, DISTRIBUTION, ETC. |
| Place of publication, distribution, etc. |
Wing King Tong Paper Products Co.Ltd., Shenzen,Guandong Province,China |
| Name of publisher, distributor, etc. |
Sourceboooks jabberwocky |
| Date of publication, distribution, etc. |
©2019 |
| 300 ## - PHYSICAL DESCRIPTION |
| Extent |
20 PAGES |
| Other physical details |
Colour illustration |
| Dimensions |
20 cm x 20 cm |
| 520 ## - SUMMARY, ETC. |
| Summary, etc. |
Larry the monster knows he must not open his Christmas present but with the reader's help, he just might learn what is inside.-Library Thing- |
| 650 ## - SUBJECT ADDED ENTRY--TOPICAL TERM |
| Topical term or geographic name entry element |
Juvenile Literature |
| Form subdivision |
Interactive |
| 655 ## - INDEX TERM--GENRE/FORM |
| Genre/form data or focus term |
interactive |
| 655 ## - INDEX TERM--GENRE/FORM |
| Genre/form data or focus term |
Humourous |
| 942 ## - ADDED ENTRY ELEMENTS (KOHA) |
| Source of classification or shelving scheme |
|
| Koha item type |
Books - Fiction |